Szczegóły MARC21

Elementy socjologii /

003 -Nazwa inst., której nr kontr. jest w polu 001 [,]
    • @
    • Nazwa instytucji, której n kontrolny jest w polu 001
    • NUKAT
005 -DATA I CZAS OSTATNIEJ MODYFIKACJI [,]
    • @
    • pole kontrolne
    • 20241231102308.0
020 -Międzynarod. znormalizowany nr książki - ISBN [ , ]
    • a
    • Numer ISBN
    • 8390096447 Find
040 -Instytucja sporządzająca opis [ , ]
    • a
    • Instytucja, która sporządziła opis (NP)
    • GD U/2GT
    • b
    • Język katalogowania
    • pol
    • e
    • Zasady katalogowania
    • rda
    • c
    • Instytucja, która sporządziła rekord (NP)
    • GD U/2GT
    • d
    • Instytucja, która zmodyfikowała rekord (P)
    • GD U/AJ
    • d
    • Instytucja, która zmodyfikowała rekord (P)
    • GD U/2GTs
    • d
    • Instytucja, która zmodyfikowała rekord (P)
    • GL 001/FAN
    • d
    • Instytucja, która zmodyfikowała rekord (P)
    • GL 001/FAK
942 -Rodzaj dokumentu [ , ]
    • c
    • Rodzaj dokumentu
    • Książka
100 -Hasło główne - nazwa osobowa [1, ]
    • a
    • Nazwa osobowa (NP)
    • Ziembiński, Zygmunt
    • d
    • Daty biograficzne (NP)
    • (1920-1996).
    • e
    • Rodzaj współpracy
    • Autor
    • 9
    • KHW
    • 932
245 -Strefa tytułu i oznaczenia odpowiedzialności [1,0]
    • a
    • Tytuł
    • Elementy socjologii / Find
    • c
    • Pozostałe elementy strefy tytułu i oznaczenia odpowiedzialności (NP)
    • Zygmunt Ziembiński.
260 -Strefa adresu wydawniczego [ , ]
    • a
    • Miejsce wydania (P)
    • Poznań :
    • b
    • Nazwa wydawcy (P)
    • Ars boni et aequi,
    • c
    • Data wydania (P)
    • 1994.
300 -Strefa opisu fizycznego [ , ]
    • a
    • Określenie formy książki i/lub objętość (NP)
    • 164 strony ;
    • c
    • Format (NP)
    • 22 cm.
336 -Typ zawartości [ , ]
    • a
    • Termin opisujący typ zawartości
    • Tekst
    • b
    • Kod określający zawartość
    • txt
    • 2
    • Źródło (terminu i kodu)
    • rdacontent
337 -Typ mediów [ , ]
    • a
    • Tryb odtwarzania
    • Bez urządzenia pośredniczącego
    • b
    • Kod typu mediów
    • n
    • 2
    • Źródło (terminu i kodu)
    • rdamedia
338 -Typ/rodzaj nośnika [ , ]
    • a
    • Hasło opisujące typ nośnika
    • Wolumin
    • b
    • Kod typu nośnika
    • nc
    • 2
    • Źródło (terminu i kodu)
    • rdacarrier
504 -Uwaga dot. bibliogr. załącznikowej [ , ]
    • a
    • Uwaga dot. bibliografii załącznikowej
    • Bibliografia na stronach 161-164.
080 -Uniwersalna Klasyfikacja Dziesiętna [ , ]
    • 2
    • Identyfikator wydania tablic
    • UDC-P058
    • 9
    • UKD
    • 2742
    • a
    • Symbol klasyfikacji
    • 316
    • b
    • Dopowiedzenie
    • Socjologia.
    • 4
    • UKD2
    • 7665
    • x
    • Poddział wspólny
    • (075.8)
    • c
    • Dopowiedzenie poddz. wspólnego
    • (Podręczniki dla szkół wyższych. Skrypty).
650 -Hasło przedmiotowe [ ,7]
    • a
    • Hasło przedmiotowe
    • Socjologia
    • v
    • Określnik formalny
    • podręczniki akademickie.
    • 2
    • Źródło terminu
    • kaba
    • 9
    • KHW
    • 357222
980 -Symbol UKD [ , ]
    • a
    • UKD
    • 316(075.8)
710 -Hasło dodatkowe - nazwa ciała zbiorowego [2, ]
    • a
    • Nazwa ciała zbiorowego lub nazwa geograficzna jako pierwszy element (NP)
    • Przedsiębiorstwo Wydawnicze "Ars boni et aequi".
    • e
    • Rodzaj współpracy
    • Wydawca
    • 4
    • Kod relacji
    • pbl
    • 9
    • KHW
    • 56085
920 -ISBN [ , ]
    • a
    • ISBN
    • 83-900-964-4-7 Find
Status udost. Uwagi nie widoczne w OPAC Sygnatura Numer inwentarzowy Data inwentaryzacji Lokalizacja
-2  E.648431997-10-13BE
-3 Z.85025Z.850251997-01-01BG
2 W.182900W.1829001997-01-01BG
2 W.182900W.1829031997-01-01BG
2 W.182900W.1829091997-01-01BG
2 W.182900W.1829011997-01-01BG
2 W.182900W.1829021997-01-01BG
2 W.182900W.1829041997-01-01BG
2 W.182900W.1829051997-01-01BG
2 W.182900W.1829061997-01-01BG
2 W.182900W.1829071997-01-01BG
2 W.182900W.1829081997-01-01BG
-3 W.182900W.1874051996-10-07BG
-3 W.182900W.1874061996-10-07BG
-3 W.182900W.1874071996-10-07BG
-3 W.182900W.1874081996-10-07BG
-3 W.182900W.1874091996-10-07BG
-3 W.182900W.1874101996-10-07BG
2 W.182900W.1874121996-10-07BG
2 W.182900W.1874141996-10-07BG
-3  W.1951611998-09-25BG
2będzie ubytkowaneW.182900W.1874131996-10-07BG
2będzie ubytkowaneW.182900W.1874111996-10-07BG
1  F.251891997-01-01BNS
1 SA.6325SA.63251997-01-01BSA
-3 SA.6326SA.63261997-01-01BSA
-3 SA.6327SA.63271997-01-01BSA
-3 316GW.75632016-04-04GW
-3 316GW.75642016-04-04GW
-2  T.107112009-10-12T